| 000 | 00606nam a2200229Ia 4500 | ||
|---|---|---|---|
| 003 | OSt | ||
| 005 | 20220926030904.0 | ||
| 006 | a|||||r|||| 00| 0 | ||
| 007 | ta | ||
| 008 | 220923b |||||||| |||| 00| 0 eng d | ||
| 037 | _cGeneral Book | ||
| 040 |
_aRTL _cRTL _beng |
||
| 041 |
_2eng _aeng |
||
| 082 | _aX724 . 237 . N91, N1 .1 | ||
| 110 | _aRAJASTHAN (Govt. of ) . | ||
| 245 | 0 | _aBudget Rajasthan . | |
| 260 |
_aRajasthan _c1991 |
||
| 300 |
_a689p _ccm. |
||
| 700 | _aRAJASTHAN (Govt. of ) . | ||
| 942 |
_hX724 . 237 . N91, N1 .1 _cGB _2CC |
||
| 999 |
_c650964 _d650964 |
||